An Approach to Improve the Quality of Data for Effective Churn Prediction
Gespeichert in:
| 1. Verfasser: | |
|---|---|
| Weitere Verfasser: | , |
| Format: | Buchkapitel |
| Sprache: | Englisch |
| Schlagworte: | |
| Tags: |
Keine Tags, Fügen Sie das erste Tag hinzu!
|
MARC
| LEADER | 00000naa$a2200000$$$4500 | ||
|---|---|---|---|
| 001 | 0314259 | ||
| 005 | 20260121130822.2 | ||
| 041 | 0 | |a eng | |
| 044 | |a SK | ||
| 245 | 1 | 0 | |a An Approach to Improve the Quality of Data for Effective Churn Prediction |c Samrat Gupta, Payel Sadhukhan, Jana Péliová |
| 500 | |a Abstrakt | ||
| 610 | 2 | 0 | |a riadenie ľudských zdrojov |
| 610 | 2 | 0 | |a zamestnanci |
| 610 | 2 | 0 | |a zákazníci |
| 610 | 2 | 0 | |a spracovanie dát |
| 100 | 1 | |a Gupta, Samrat, 1987- | |
| 700 | 1 | |a Sadhukhan, Payel | |
| 700 | 1 | |a Péliová, Jana, 1976- | |